000
00189 a2200097 4500
001
126847
040
_c
Escola Canadense de Niteroi
090
_a
MP
245
1
0
_a
Action words
942
_c
MATP
999
_c
126847
_d
126847